MARC details
| 000 -CABECERA |
| campo de control de longitud fija |
01067nam a2200265 a 4500 |
| 003 - IDENTIFICADOR DEL NÚMERO DE CONTROL |
| campo de control |
MX-MxUPN |
| 005 - FECHA Y HORA DE LA ÚLTIMA TRANSACCIÓN |
| campo de control |
20231128063919.0 |
| 008 - ELEMENTOS DE LONGITUD FIJA--INFORMACIÓN GENERAL |
| campo de control de longitud fija |
190626s2008 mx a r 000 0 spa d |
| 035 ## - NÚMERO DE CONTROL DEL SISTEMA |
| Número de control de sistema |
UPN01000231590 |
| 040 ## - FUENTE DE LA CATALOGACIÓN |
| Centro catalogador/agencia de origen |
MX-MxUPN |
| Lengua de catalogación |
spa |
| Centro/agencia transcriptor |
MX-MxUPN |
| 041 0# - CÓDIGO DE IDIOMA |
| Código de lengua del texto/banda sonora o título independiente |
Mixteco |
| 050 14 - SIGNATURA TOPOGRÁFICA DE LA BIBLIOTECA DEL CONGRESO |
| Número de clasificación |
LB1578.333 M55 |
| Número de documento/Ítem |
N35 2008 |
| 245 00 - MENCIÓN DE TÍTULO |
| Título |
Ña kúu ta yíyo yatin xi'in tu'un savi = |
| Resto del título |
Vivencias y sucesos cercanos en lengua mixteca : tu'un savi yuku ñu'un xi'in ñu'un ndivi lo'o ñuu kuachi : mixteco de la Montaña y de la Costa Chica de Guerrero 5° |
| 246 11 - FORMA VARIANTE DE TÍTULO |
| Título propio/Titulo breve |
Vivencias y sucesos cercanos en lengua mixteca 5° |
| 250 ## - MENCIÓN DE EDICIÓN |
| Mención de edición |
Primera edición. |
| 260 ## - PUBLICACIÓN, DISTRIBUCIÓN, ETC. |
| Lugar de publicación, distribución, etc. |
México, D.F. : |
| Nombre del editor, distribuidor, etc. |
Secretaría de Educación Pública, |
| Fecha de publicación, distribución, etc. |
2008. |
| 300 ## - DESCRIPCIÓN FÍSICA |
| Extensión |
77 páginas : |
| Otras características físicas |
ilustraciones |
| 546 ## - NOTA DE IDIOMA |
| Nota de lengua/lenguaje |
Texto en mixteco con presentación en español |
| 650 #4 - ASIENTO SECUNDARIO DE MATERIA - TERMINO TEMATICO |
| Término de materia o nombre geográfico como elemento de entrada |
Cartilla mixteca |
| 9 (RLIN) |
8146 |
| 650 #4 - ASIENTO SECUNDARIO DE MATERIA - TERMINO TEMATICO |
| Término de materia o nombre geográfico como elemento de entrada |
Indígenas de México |
| Subdivisión geográfica |
Guerrero |
| Subdivisión general |
Lenguas |
| 9 (RLIN) |
15337 |
| 650 #4 - ASIENTO SECUNDARIO DE MATERIA - TERMINO TEMATICO |
| Término de materia o nombre geográfico como elemento de entrada |
Mixteco |
| Subdivisión general |
Estudio y enseñanza (Elemental) |
| 9 (RLIN) |
25558 |
| 902 ## - ELEMENTOS DE DATOS B LOCAL, LDB (RLIN) |
| Creó |
Víctor Ruiz/051023 |
| 942 ## - ELEMENTOS DE PUNTO DE ACCESO ADICIONAL (KOHA) |
| Fuente del sistema de clasificación o colocación |
Library of Congress Classification |
| Tipo de ítem Koha |
Libro |